| 000 | 00612nam a2200181Ia 4500 | ||
|---|---|---|---|
| 008 | 100920s9999 xx 000 0 und d | ||
| 082 |
_b59005 _a891.43 0 |
||
| 100 | _aसंपा.पण्डित राम. | ||
| 245 | _aउर्दु गीतकाव्य. | ||
| 260 |
_bअभिव्यक्ती पेपर बॅक्स, मुबंई. _c0 |
||
| 300 |
_a160 _bसाधी |
||
| 365 | _b20 | ||
| 520 | _aहिंदी. | ||
| 630 | _aउर्दु गीतकाव्य. | ||
| 650 | _aहिंदी. | ||
| 730 | _aउर्दु गीतकाव्य. | ||
| 942 | _cBOOK | ||
| 999 |
_c702497 _d702494 |
||